| 000 | 03035nam0a2200433 4500 | ||
|---|---|---|---|
| 001 | RU\NLR\BIBL_A\022554460 | ||
| 005 | 20260420045203.0 | ||
| 010 |
_a978-5-4499-4723-9 _9500 |
||
| 021 |
_aRU _bКН-П-25-014953 _9КН-П-25-1520 |
||
| 035 | _a(NLR Aleph) 022554460 | ||
| 090 |
_a13673884 _c13673884 |
||
| 100 | _a20250530d2024 k y0rusy50 ca | ||
| 101 | 0 |
_arus _deng |
|
| 102 | _aRU | ||
| 105 | _aa z 100yy | ||
| 181 | 0 |
_ai3 _baxxe |
|
| 182 | 0 | _an | |
| 200 | 1 |
_aРусский язык и русская культура в мировом культурном пространстве _eматериалы Всероссийской научно-практической конференции (Москва, 22 мая 2024 г.) _eсборник статей _fМинистерство науки и высшего образования Российской Федерации, Федеральное государственное бюджетное образовательное учреждение высшего образования "Московский государственный университет технологий и управления имени К. Г. Разумовского (Первый казачий университет)" _gредактор: Котовчихина Наталия Дмитриевна - проф., д-р филол. наук |
|
| 203 |
_aТекст _bвизуальный _cнепосредственный |
||
| 210 |
_aМосква _cDirectMedia _d2024 |
||
| 215 |
_a484, [1] с. _cцв. ил. _d25 |
||
| 300 | _aРез. англ. | ||
| 320 | _aБиблиогр. в конце ст. и в подстроч. примеч. | ||
| 606 | 1 |
_aРусская филология _jСъезды, совещания и т.п _91533718 _3RU\NLR\AUTH\66969420 |
|
| 606 | 1 |
_aРусский язык _jСъезды, совещания и т.п _xПреподавание _91229591 _3RU\NLR\AUTH\66501240 |
|
| 607 |
_aРоссия _jСъезды, совещания и т.п _xКультура _92079142 _3RU\NLR\AUTH\661255015 |
||
| 686 | 1 | _aТ3(2)0-7я431 | |
| 686 | 1 | _aШ041.2я431 | |
| 686 | 1 | _aЧ426.13(2)я431 | |
| 686 | 1 | _aЧ486.13(2)я431 | |
| 702 | 1 |
_aКотовчихина _bН. Д. _gНаталия Дмитриевна _4340 |
|
| 711 | 1 | 2 |
_a"Русский язык и русская культура в мировом культурном пространстве", всероссийская научно-практическая конференция (с международным участием) _eМосква _f2024 _92660391 _3RU\NLR\AUTH\880628023 |
| 712 | 0 | 2 |
_4557 _aМосковский государственный университет технологий и управления им. К. Г. Разумовского _9633426 _3RU\NLR\AUTH\8810065908 |
| 942 | _cBOOK | ||
| 980 | _aNB | ||